| 000 | 00694nam a2200241 i 4500 | ||
|---|---|---|---|
| 001 | 142650 | ||
| 003 | ES-MaACL | ||
| 005 | 20250806034250.0 | ||
| 007 | t| | ||
| 008 | 071009s1965 sp |||| | spa d | ||
| 080 | _a321.01(04) | ||
| 080 | _a17:32(04) | ||
| 100 | 1 |
_aVialatoux, Joseph. _9114269 |
|
| 245 | 1 | 3 |
_aLa represión y la tortura _b: ensayo de filosofía moral y política / _cJoseph Vialatoux. |
| 260 |
_aBilbao : _bDescleé de Brouwer, _c1965. |
||
| 300 |
_a129 p. ; _c19 cm. |
||
| 490 | 1 | _aProa | |
| 650 | 4 |
_aPolítica- _xFilosofía _916274 |
|
| 650 | 7 |
_aÉtica política _2embne _9136540 |
|
| 830 | 0 |
_aProa _9187251 |
|
| 852 |
_aES-MaACL _jC-26907 |
||
| 999 |
_c142650 _d142650 |
||